000 004780000a22001810004500
003 MACL
005 20151222134117.0
008 151222b xxu||||| |||| 00| 0 eng d
040 _aMACL
_cMACL
041 _aEnglish
082 _a910/MOR
100 _aMoraes, Dom
_99875
245 _aAnswered By Flutes
_bReflections From Madhya Pradesh
260 _bAsia Publishing House
_c1983
_aBombay
350 _a250
650 _aGeography & Travel
_921927
942 _cBK
_k910/MOR
_2ddc
999 _c40845
_d40845